|
|
|
|
| LEADER |
00852cam a2200229 7i4500 |
| 001 |
0000069178 |
| 005 |
20220620090000.0 |
| 020 |
|
|
|a 9781784704247
|
| 090 |
0 |
0 |
|a DS811
|b .B73 2020
|
| 100 |
1 |
|
|a Booth, Michael
|
| 245 |
1 |
0 |
|a Three tigers, one mountain :
|b a journey through the bitter history and current conflicts of China, Korea, and Japan
|c Michael Booth.
|
| 264 |
|
|
|a London:
|b Vintage,
|c 2020.
|
| 300 |
|
|
|a viii, 349 pages;
|c 20 cm.
|
| 336 |
|
|
|a text
|2 rdacontent
|
| 337 |
|
|
|a unmediated
|2 rdamedia
|
| 338 |
|
|
|a volume
|2 rdacarrier
|
| 650 |
|
0 |
|a Sino-Japanese War, 1937-1945 --
|x Influence --
|z East Asia
|
| 650 |
|
0 |
|a Public opinion --
|z East Asia
|
| 651 |
|
0 |
|a East Asia --
|x Description and travel
|
| 997 |
|
|
|a Selangor Business School
|
| 998 |
|
|
|a Business Administration, Master
|
| 999 |
|
|
|a SBS0001170
|b BOK
|c OPEN SHELF
|e 1st Floor, Bestari Jaya
|